000 01332cab a2200217 4500
001 ABS67693
008 040506n2004 000 0 eng u
035 _a(Sirsi) u126121
100 _aLewis, S.
245 3 _aAn open question
260 _c2004
490 _aBuilding
_v269(8329) 23 April 2004, 62(1)
520 _aExamines the implications of the Disability Discrimination Act 1995 (DDA) which has been gradually introduced over the last eight years but will come fully into force on 1 October 2004. Notes that s21 of the Act states that a service provider has to make reasonable adjustments to its practices, policies and procedures to provide alternative methods of making the service available. Explains there is a difficulty in understanding what is meant by the word reasonable. This is likely to be tested by the courts on a case by case basis. Other aspects to consider are the sanctions available to the courts under the DDA; the court may award damages including for any injury to feelings and it may make declarations as to the parties' rights.
590 _aABS
650 _aDISABILITY DISCRIMINATION ACT 1995
650 _aDISABILITY DISCRIMINATION ACT 1995 S21
650 _aSERVICE PROVIDERS
650 _aDISABILITY RIGHTS COMMISSION
690 _aBUILT ENVIRONMENT-CONSTRUCTION DESIGN
942 _n0
999 _c74391
_d74391